000 00477nas a2200181 i 4500
001 173149
003 ES-MaACL
005 20250217134841.0
008 091111c1972 pn | | ||pa d
022 _a9946-9391
080 _a343
245 0 0 _aCuadernos panameños de criminología.
260 _aPanamá :
_bUniversidad, Instituto de Criminología,
_c1972-
300 _a1 vol. ;
_c21 cm.
852 _aES-MaACL
_jE-7585
866 0 _o1973.
999 _c173149
_d173149